00761nam a2200145Ia 4500008004100000100002600041245008900067245019600156260004700352260000900399650002200408856009300430999001900523952007300542160809s9999 xx 000 0 und d aFichten, Catherine S. aHOW WELL DO THEY READ? BRIEF ENGLISH AND FRENCH SCREENING TOOLS FOR COLLEGE STUDENTS cCatherine S. Fichten Mai N. Nguyen Laura King Alice Havel Zohra Mimouni Maria Barile Jillian Budd Shirley Jorgensen Alexandre Chauvin Jennifer Gutberg Adaptech Research Network, Dawson Colle. bInternational Journal of Special Education c2014 xSPECIAL EDUCATION uhttp://www.internationaljournalofspecialed.com/issues/IJSE%20ENTIRE%20ISSUE%2029%201.pdf c300312d300312 001040aCLbCLd2016-08-09l0r2016-08-09 00:00:00w2016-08-09yFOJ